Salta al contenuto

Финансы Учебник

В учебнике рассмотрены теоретические и практические вопросы фундаментальных финансов их сущность функции и роль в экономике государства. Особое внимание уделено пониманию денежных отношений как базиса финансов трем сферам финансовой системы страны: государственным (муниципальным) финансам финансам о...

Descrizione completa

Salvato in:
Dettagli Bibliografici
Autore principale: Томина Н.М
Natura: Учебник
Edizione:1
Serie:Высшее образование
Accesso online:https://znanium.ru/catalog/document?id=466422
https://znanium.ru/cover/2184/2184276.jpg
Tags: Aggiungi Tag
Nessun Tag, puoi essere il primo ad aggiungerne! !
LEADER 04471nam0a2200445 i 4500
001 RU\infra-m\znanium\bibl\2184276
003 https://znanium.ru/catalog/document?id=466422
005 20250625000000.0
010 |a 978-5-16-020574-8 
010 |a 978-5-16-113233-3  |b электр. издание 
100 |a 20250625d2025 m y0rusy0150 ca 
101 0 |a rus 
102 |a RU 
200 1 |a Финансы  |e Учебник  |f Академия права и управления Федеральной службы исполнения наказаний 
205 |a 1 
210 1 |a Москва  |c ООО "Научно-издательский центр ИНФРА-М"  |d 2026 
215 |a 374 с. 
225 1 |a Высшее образование 
330 |a В учебнике рассмотрены теоретические и практические вопросы фундаментальных финансов их сущность функции и роль в экономике государства. Особое внимание уделено пониманию денежных отношений как базиса финансов трем сферам финансовой системы страны: государственным (муниципальным) финансам финансам организаций и домашних хозяйств а также современной практике управления ими в условиях цифровизации. Большой раздел освещает функционирование финансовых рынков: кредитного фондового страхового и рынка валют и драгоценных металлов. Раскрывается взаимодействие финансовой инфраструктуры и контрагентов рынков по вопросам кредитования инвестирования страхования и другим отвечающим финансово- кредитной политике государства способствующим формированию и достижению целей участников рынка. Соответствует требованиям федеральных государственных образовательных стандартов высшего образования последнего поколения. Для студентов обучающихся по направлению «Экономика» и специальности «Экономическая безопасность» а также по другим направлениям экономического профиля для самостоятельного и углубленного изучения тем курса. Может представлять интерес для преподавателей и читателей интересующихся вопросами функционирования финансов. 
333 |a Профессиональное образование 
606 |a Экономика. Бухгалтерский учет. Финансы  |x Финансы. Денежное обращение. Кредит  |2 local 
608 |a Учебник  |2 local 
675 |a 336(075.8)  |z rus 
686 |a 65.26я73  |2 rubbk 
686 |a 38.03.01  |2 okso 
686 |a 38.03.02  |2 okso 
686 |a 38.03.05  |2 okso 
686 |a 38.03.06  |2 okso 
686 |a 38.04.01  |2 okso 
686 |a 38.04.02  |2 okso 
686 |a 38.04.05  |2 okso 
686 |a 38.04.06  |2 okso 
686 |a 38.04.08  |2 okso 
686 |a 38.05.01  |2 okso 
686 |a 38.05.02  |2 okso 
700 1 |a Томина  |b Н.М.  |g Нина Михайловна  |p Академия права и управления Федеральной службы исполнения наказаний 
701 1 |a Чепик  |b О.В.  |g Ольга Викторовна  |p Академия права и управления Федеральной службы исполнения наказаний 
801 0 |a RU  |b Общество с ограниченной ответственностью «ЗНАНИУМ»  |c 20241111  |2 rusmarc 
856 4 |a znanium.ru  |m ebs_support@infra-m.ru  |n НИЦ ИНФРА-М  |u https://znanium.ru/catalog/document?id=466422 
856 4 1 |a znanium.ru  |d /cover/2184  |f 2184276.jpg  |u https://znanium.ru/cover/2184/2184276.jpg